Metody pomiaru i analizy rynku usług pomiar jakościowy - zastosowania i efektywność

Saved in:
Bibliographic Details
Other Authors: Garczarczyk, Józef
Format: Book
Language:Polish
English
Published: Poznań Wydawnictwo Uniwersytetu Ekonomicznego w Poznaniu 2011
Series:Zeszyty naukowe 204
Subjects:
Tags: Add Tag
No Tags, Be the first to tag this record!

MARC

LEADER 00000nam a2200000 4500
001 0159826
005 20240109073552.6
020 |a 978-83-7417-653-8 
022 |a 1689-7374 
041 0 |a pol 
041 0 |a eng 
044 |a PL 
245 1 0 |a Metody pomiaru i analizy rynku usług  |b pomiar jakościowy - zastosowania i efektywność  |c redaktor naukowy Józef Garczarczyk 
264 1 |a Poznań  |b Wydawnictwo Uniwersytetu Ekonomicznego w Poznaniu  |c 2011 
300 |a 196 s. 
490 1 |a Zeszyty naukowe  |v 204 
830 0 |a Zeszyty naukowe  |v 204 
610 2 0 |a trh 
610 2 0 |a služby 
610 2 0 |a spotrebitelia 
610 2 0 |a kvalita služieb 
610 2 0 |a efektívnosť 
700 1 |a Garczarczyk, Józef